[Event "SVK-chT2A 2425"]
[Site "Slovakia"]
[Date "2024.12.01"]
[Round "4.2"]
[White "Machata, Martin"]
[Black "Liptak, Tomas"]
[Result "0-1"]
[WhiteElo "2214"]
[BlackElo "2167"]
[PlyCount "98"]
[EventDate "2024.11.09"]
[EventType "team-tourn"]
[EventRounds "11"]
[EventCountry "SVK"]
[SourceTitle "CB51_2024"]
[SourceDate "2024.12.18"]
[SourceVersion "1"]
[SourceVersionDate "2024.12.18"]
[SourceQuality "1"]
[WhiteTeam "Modra II"]
[BlackTeam "Trnava Lokomotiva"]
[WhiteTeamCountry "SVK"]
[BlackTeamCountry "SVK"]

1. Nf3 d6 2. d4 Nd7 3. g3 e5 4. Bg2 Be7 5. 0-0 c6 6. e4 Ngf6 7. Re1 b5 8. a4 Bb7 9. Na3 a6 10. b3 0-0 11. c4 b4 12. Nc2 c5 13. d5 Ne8 14. Qd3 g6 15. Bh6 Ng7 16. Ne3 Bc8 17. g4 Nf6 18. h3 Kh8 19. Kh2 Ng8 20. Bxg7+ Kxg7 21. Rg1 Kh8 22. Bf1 Ra7 23. Be2 Bg5 24. Rg2 Bf4+ 25. Kh1 f6 26. Rag1 Raf7 27. Bd1 Ne7 28. Bc2 Bd7 29. Bb1 a5 30. Bc2 Rg8 31. Nh2 Qf8 32. Nef1 Qh6 33. Qf3 Rgf8 34. Bd3 f5 35. gxf5 gxf5 36. exf5 Nxf5 37. Ng4 Qh4 38. Bxf5 Bxf5 39. Nfe3 Bg6 40. Re1 Bxe3 41. Qxe3 Rf3 42. Qd2 Rxh3+ 43. Nh2 Be4 44. Rxe4 Qxe4 45. Qg5 Qb1+ 46. Rg1 Qg6 47. Qe7 Rxh2+ 48. Kxh2 Qh5+ 49. Kg2 Rg8+ 0-1

[Event "Bratislava exe op 2nd"]
[Site "Bratislava"]
[Date "2024.09.18"]
[Round "5"]
[White "Liptak, Tomas"]
[Black "Mandak, Miroslav"]
[Result "1-0"]
[WhiteElo "2155"]
[BlackElo "1927"]
[PlyCount "107"]
[EventDate "2024.09.14"]
[EventType "swiss"]
[EventRounds "9"]
[EventCountry "SVK"]
[SourceTitle "EXT 2025"]
[Source "ChessBase"]
[SourceDate "2024.10.14"]
[SourceVersion "1"]
[SourceVersionDate "2024.10.14"]
[SourceQuality "1"]

1. c4 c6 2. b3 d5 3. Bb2 Bf5 4. e3 Nd7 5. Nf3 e6 6. Be2 Ngf6 7. Nh4 Bxb1 8. Qxb1 Bd6 9. f4 Qc7 10. g3 h6 11. Qc2 g5 12. Nf3 Rg8 13. Rf1 gxf4 14. exf4 0-0-0 15. 0-0-0 Ne4 16. d3 Nef6 17. Ne5 Rdf8 18. Nxd7 Nxd7 19. Bf3 Kb8 20. Kb1 Qa5 21. Rde1 Ba3 22. Ba1 h5 23. Bc3 Bb4 24. Bxb4 Qxb4 25. Bxh5 d4 26. Bf3 Nc5 27. Re5 Rh8 28. h4 f6 29. Rh5 Rxh5 30. Bxh5 f5 31. Bd1 Rg8 32. Rg1 Na4 33. Ka1 Nc3 34. Bf3 a5 35. h5 Kc7 36. Qb2 Qd6 37. Qc1 a4 38. bxa4 Nxa4 39. g4 Nc3 40. Rg2 fxg4 41. Rxg4 Qf8 42. Rxg8 Qxg8 43. Qe1 Kd7 44. Qf2 c5 45. Bxb7 Qg4 46. Bf3 Qf5 47. Qg3 Kd6 48. Qg5 Qf8 49. Qe5+ Kd7 50. Bg4 Qh6 51. Qg5 Qf8 52. h6 Qa8 53. Qg7+ Kd6 54. Qe5+ 1-0

[Event "SVK-chT1W 2324"]
[Site "Slovakia"]
[Date "2024.02.03"]
[Round "8.2"]
[White "Turna, Stefan"]
[Black "Liptak, Tomas"]
[Result "1/2-1/2"]
[WhiteElo "2176"]
[BlackElo "2168"]
[PlyCount "56"]
[EventDate "2023.10.21"]
[EventType "team-tourn"]
[EventRounds "11"]
[EventCountry "SVK"]
[SourceTitle "EXT 2025"]
[Source "ChessBase"]
[SourceDate "2024.10.14"]
[SourceVersion "1"]
[SourceVersionDate "2024.10.14"]
[SourceQuality "1"]
[WhiteTeam "Bratislava Slovan III"]
[BlackTeam "Cifer"]
[WhiteTeamCountry "SVK"]
[BlackTeamCountry "SVK"]

1. d4 Nf6 2. c4 g6 3. Nc3 Bg7 4. e4 d6 5. Nf3 0-0 6. Be2 e5 7. 0-0 Nc6 8. d5 Ne7 9. b4 Ne8 10. Re1 h6 11. c5 f5 12. Nd2 fxe4 13. Ndxe4 Nf5 14. Bf1 Kh7 15. Bd2 Nd4 16. Rc1 Bf5 17. f3 a5 18. a3 axb4 19. axb4 Nf6 20. cxd6 cxd6 21. Be3 Qb6 22. Nxf6+ Bxf6 23. Nb5 Rfc8 24. Qd2 h5 25. f4 Bd7 26. fxe5 dxe5 27. Nxd4 exd4 28. Bf2 Qd6 1/2-1/2

[Event "SVK-chT3A2 2223"]
[Site "Slovakia"]
[Date "2023.02.19"]
[Round "7.1"]
[White "Liptak, Tomas"]
[Black "Cech, Dominik"]
[Result "1-0"]
[WhiteElo "2206"]
[BlackElo "2056"]
[PlyCount "53"]
[EventDate "2022.10.16"]
[EventType "team-tourn"]
[EventRounds "9"]
[EventCountry "SVK"]
[SourceTitle "EXT 2024"]
[Source "ChessBase"]
[SourceDate "2023.10.10"]
[SourceVersion "1"]
[SourceVersionDate "2023.10.10"]
[SourceQuality "1"]
[WhiteTeam "Cifer II"]
[BlackTeam "Hlohovec"]
[WhiteTeamCountry "SVK"]
[BlackTeamCountry "SVK"]

1. d4 Nf6 2. Bf4 g6 3. e3 Bg7 4. Be2 c5 5. c3 Qb6 6. Qb3 d6 7. Nd2 Be6 8. Qxb6 axb6 9. a3 Nc6 10. h3 0-0 11. Ngf3 h6 12. 0-0 Kh7 13. Rfe1 Nh5 14. Bh2 f5 15. Rad1 Rfd8 16. Nc4 b5 17. Nb6 Ra6 18. dxc5 Bb3 19. Rd2 Na7 20. Nd5 Bxd5 21. Rxd5 Nf6 22. Rdd1 Ne4 23. cxd6 exd6 24. Nd4 Bxd4 25. Rxd4 Rc6 26. Red1 Re8 27. Bxd6 1-0

[Event "SVK-chT2A 2223"]
[Site "Slovakia"]
[Date "2023.02.12"]
[Round "9.3"]
[White "Vadila, Ondrej"]
[Black "Liptak, Tomas"]
[Result "1/2-1/2"]
[WhiteElo "2178"]
[BlackElo "2222"]
[PlyCount "50"]
[EventDate "2022.10.08"]
[EventType "team-tourn"]
[EventRounds "11"]
[EventCountry "SVK"]
[SourceTitle "EXT 2024"]
[Source "ChessBase"]
[SourceDate "2023.10.10"]
[SourceVersion "1"]
[SourceVersionDate "2023.10.10"]
[SourceQuality "1"]
[WhiteTeam "Bratislava Slovan IV"]
[BlackTeam "Cifer"]
[WhiteTeamCountry "SVK"]
[BlackTeamCountry "SVK"]

1. d4 Nf6 2. Nc3 d5 3. Bf4 c6 4. e3 Bf5 5. f3 e6 6. g4 Bg6 7. h4 h5 8. g5 Nfd7 9. Bd3 Bxd3 10. Qxd3 g6 11. e4 a6 12. 0-0-0 Be7 13. Re1 0-0 14. exd5 exd5 15. Rh2 Nb6 16. Rhe2 Bd6 17. Nh3 Bxf4+ 18. Nxf4 Qd6 19. Ne6 Re8 20. Nc5 Rxe2 21. Qxe2 N8d7 22. Nd3 Nf8 23. Qe7 Qxe7 24. Rxe7 Nbd7 25. Nf4 b5 1/2-1/2

[Event "SVK-chT2A 2223"]
[Site "Slovakia"]
[Date "2022.11.27"]
[Round "6.2"]
[White "Mydlarik, Martin"]
[Black "Liptak, Tomas"]
[Result "1/2-1/2"]
[WhiteElo "2080"]
[BlackElo "2206"]
[PlyCount "81"]
[EventDate "2022.10.08"]
[EventType "team-tourn"]
[EventRounds "11"]
[EventCountry "SVK"]
[SourceTitle "EXT 2024"]
[Source "ChessBase"]
[SourceDate "2023.10.10"]
[SourceVersion "1"]
[SourceVersionDate "2023.10.10"]
[SourceQuality "1"]
[WhiteTeam "Modra II"]
[BlackTeam "Cifer"]
[WhiteTeamCountry "SVK"]
[BlackTeamCountry "SVK"]

1. d4 Nf6 2. Nf3 g6 3. g3 Bg7 4. Bg2 0-0 5. 0-0 d5 6. c4 c6 7. cxd5 cxd5 8. Nc3 Nc6 9. Ne5 e6 10. Nxc6 bxc6 11. Na4 Nd7 12. Bf4 Qf6 13. Bd6 Re8 14. e3 Ba6 15. Re1 e5 16. dxe5 Nxe5 17. Bxe5 Qxe5 18. Rc1 Bb5 19. Nc3 Ba6 20. Na4 Qd6 21. Qc2 Bb7 22. Nc5 Bc8 23. b3 Bf8 24. Red1 Qf6 25. b4 Bg4 26. Rd4 h5 27. h3 Bf5 28. Qd2 Rad8 29. a4 Bg7 30. b5 cxb5 31. axb5 Qb6 32. Rxd5 Rxd5 33. Bxd5 Qxb5 34. Nb7 Re7 35. Nd6 Qd7 36. Nxf5 Qxf5 37. Kg2 Kh7 38. Rc4 Be5 39. Be4 Qd7 40. Qc2 Kg7 41. Bf3 1/2-1/2

[Event "SVK-chT2A 2223"]
[Site "Slovakia"]
[Date "2022.11.26"]
[Round "5.3"]
[White "Liptak, Tomas"]
[Black "Syrovy, Ivan"]
[Result "1-0"]
[WhiteElo "2206"]
[BlackElo "2015"]
[PlyCount "87"]
[EventDate "2022.10.08"]
[EventType "team-tourn"]
[EventRounds "11"]
[EventCountry "SVK"]
[SourceTitle "EXT 2024"]
[Source "ChessBase"]
[SourceDate "2023.10.10"]
[SourceVersion "1"]
[SourceVersionDate "2023.10.10"]
[SourceQuality "1"]
[WhiteTeam "Cifer"]
[BlackTeam "Pezinok"]
[WhiteTeamCountry "SVK"]
[BlackTeamCountry "SVK"]

1. c4 d6 2. Nc3 Nf6 3. e4 g6 4. Nge2 e5 5. g3 Bg7 6. Bg2 0-0 7. 0-0 c6 8. h3 Be6 9. d3 Ne8 10. Be3 f5 11. Qd2 Qd7 12. Kh2 Na6 13. b3 Nac7 14. d4 Nf6 15. d5 Bf7 16. dxc6 bxc6 17. Rad1 Rfd8 18. f4 Nxe4 19. Bxe4 fxe4 20. Nxe4 d5 21. fxe5 Bxe5 22. Bg5 Re8 23. Bf6 Bd6 24. Nxd6 Qxd6 25. Rf2 Ne6 26. Rdf1 Rac8 27. Ba1 Rc7 28. Qc3 d4 29. Nxd4 Nxd4 30. Qxd4 Qxd4 31. Bxd4 Rd8 32. Bc5 Rd3 33. Rf3 Rd2+ 34. R1f2 Rd1 35. Rf6 Re1 36. g4 h6 37. Rd6 Be8 38. Rd8 Rf7 39. Rxf7 Kxf7 40. Rd2 a5 41. Bb6 Re5 42. Bc7 Rg5 43. Kg3 h5 44. Kf4 1-0

[Event "SVK-chT2A 2223"]
[Site "Slovakia"]
[Date "2022.11.12"]
[Round "3.3"]
[White "Liptak, Tomas"]
[Black "Skreno, Vladimir"]
[Result "0-1"]
[WhiteElo "2229"]
[BlackElo "2064"]
[PlyCount "62"]
[EventDate "2022.10.08"]
[EventType "team-tourn"]
[EventRounds "11"]
[EventCountry "SVK"]
[SourceTitle "EXT 2024"]
[Source "ChessBase"]
[SourceDate "2023.10.10"]
[SourceVersion "1"]
[SourceVersionDate "2023.10.10"]
[SourceQuality "1"]
[WhiteTeam "Cifer"]
[BlackTeam "Trnava Lokomotiva"]
[WhiteTeamCountry "SVK"]
[BlackTeamCountry "SVK"]

1. e4 c5 2. Nf3 Nc6 3. c4 e5 4. g3 d6 5. Bg2 Bg4 6. h3 Be6 7. d3 Be7 8. 0-0 g5 9. Kh2 h5 10. Ne1 g4 11. f4 h4 12. f5 hxg3+ 13. Kxg3 gxh3 14. Bxh3 Bh4+ 15. Kh2 Bg3+ 16. Kg2 Bd7 17. Nf3 Bh4 18. Nc3 Qf6 19. Rg1 Nge7 20. Kh2 0-0-0 21. Be3 Nd4 22. Rg4 Rdg8 23. Rxg8+ Rxg8 24. Bxd4 Bg3+ 25. Kh1 Qh6 26. Qf1 exd4 27. Nd5 Nxd5 28. cxd5 Bf4 29. Ng1 Rg3 30. Re1 Be3 31. Rxe3 Qxe3 0-1

[Event "SVK-chT2A 2122"]
[Site "Slovakia"]
[Date "2022.03.27"]
[Round "9.1"]
[White "Liptak, Tomas"]
[Black "Sukuba, Zdeno"]
[Result "1-0"]
[WhiteElo "2195"]
[BlackElo "2113"]
[PlyCount "87"]
[EventDate "2021.10.16"]
[EventType "team-tourn"]
[EventRounds "11"]
[EventCountry "SVK"]
[SourceTitle "EXT 2023"]
[Source "ChessBase"]
[SourceDate "2022.10.05"]
[SourceVersion "1"]
[SourceVersionDate "2022.10.05"]
[SourceQuality "1"]
[WhiteTeam "Cífer"]
[BlackTeam "Krasnany"]
[WhiteTeamCountry "SVK"]
[BlackTeamCountry "SVK"]

1. e4 c6 2. d4 d5 3. e5 Bf5 4. Nf3 e6 5. Be2 Nd7 6. 0-0 Ne7 7. Nh4 Be4 8. f3 Bg6 9. f4 Nf5 10. Nxf5 Bxf5 11. g4 Be4 12. Nc3 Qb6 13. Nxe4 dxe4 14. c3 0-0-0 15. Qc2 f5 16. exf6 gxf6 17. Qxe4 e5 18. fxe5 fxe5 19. Bg5 Re8 20. Rf7 Bd6 21. Qf5 Qc7 22. Bc4 exd4 23. Be6 Rxe6 24. Qxe6 Bxh2+ 25. Kh1 Qd6 26. Qxd7+ Qxd7 27. Rxd7 Kxd7 28. Kxh2 Rg8 29. Bf6 dxc3 30. Bxc3 Rxg4 31. Rg1 Rxg1 32. Kxg1 Ke6 33. Kf2 Kd5 34. Ke3 b6 35. Kd3 c5 36. Be1 Kc6 37. Ke4 b5 38. Ke5 b4 39. Bf2 a5 40. b3 a4 41. Ke4 c4 42. bxc4 h5 43. Kd4 a3 44. Kd3 1-0

[Event "SVK-chT2A 2122"]
[Site "Slovakia"]
[Date "2021.11.14"]
[Round "4.2"]
[White "Gasa, Patrik"]
[Black "Liptak, Tomas"]
[Result "0-1"]
[WhiteElo "2188"]
[BlackElo "2195"]
[PlyCount "68"]
[EventDate "2021.10.16"]
[EventType "team-tourn"]
[EventRounds "11"]
[EventCountry "SVK"]
[SourceTitle "EXT 2023"]
[Source "ChessBase"]
[SourceDate "2022.10.05"]
[SourceVersion "1"]
[SourceVersionDate "2022.10.05"]
[SourceQuality "1"]
[WhiteTeam "Piestany Kupele"]
[BlackTeam "Cífer"]
[WhiteTeamCountry "SVK"]
[BlackTeamCountry "SVK"]

1. d4 g6 2. c4 Bg7 3. Nc3 d6 4. e4 Nf6 5. f3 0-0 6. Be3 c6 7. Qd2 a6 8. Bh6 e5 9. Bxg7 Kxg7 10. 0-0-0 Nbd7 11. h4 b5 12. g4 h5 13. g5 Ne8 14. Bh3 Qe7 15. Bxd7 Bxd7 16. Nge2 bxc4 17. dxe5 Qxe5 18. f4 Qc5 19. Nd4 Bg4 20. Rde1 Rc8 21. e5 d5 22. Rhf1 Kg8 23. f5 Ng7 24. e6 Nxf5 25. Rxf5 Bxf5 26. Nxf5 gxf5 27. e7 Rfe8 28. g6 Rxe7 29. gxf7+ Kxf7 30. Rf1 Qe3 31. Rxf5+ Kg6 32. Rg5+ Kh6 33. Nd1 Qxd2+ 34. Kxd2 Rf8 0-1

[Event "SVK-chT2A 2122"]
[Site "Slovakia"]
[Date "2021.10.17"]
[Round "2.2"]
[White "Liptak, Tomas"]
[Black "Oprea, Erik"]
[Result "1-0"]
[WhiteElo "2195"]
[BlackElo "2118"]
[PlyCount "63"]
[EventDate "2021.10.16"]
[EventType "team-tourn"]
[EventRounds "11"]
[EventCountry "SVK"]
[SourceTitle "EXT 2023"]
[Source "ChessBase"]
[SourceDate "2022.10.05"]
[SourceVersion "1"]
[SourceVersionDate "2022.10.05"]
[SourceQuality "1"]
[WhiteTeam "Cífer"]
[BlackTeam "Bratislava Slovan IV"]
[WhiteTeamCountry "SVK"]
[BlackTeamCountry "SVK"]

1. e4 e6 2. d4 d5 3. e5 c5 4. c3 Nc6 5. Nf3 f5 6. Be3 c4 7. b3 Na5 8. bxc4 Nxc4 9. Bxc4 dxc4 10. Qa4+ Bd7 11. Qxc4 Rc8 12. Qb3 Qb6 13. 0-0 Qc6 14. Rc1 b5 15. Nbd2 a5 16. c4 b4 17. d5 exd5 18. cxd5 Qxc1+ 19. Rxc1 Rxc1+ 20. Nf1 Rc3 21. Qb1 Nh6 22. Bxh6 gxh6 23. e6 Bb5 24. Qxf5 Rc1 25. N3d2 Bd6 26. Qf7+ Kd8 27. Qf6+ Kc7 28. Qxh8 Bf4 29. Qg7+ Kd6 30. Qf8+ Ke5 31. Qb8+ Kf5 32. Qxb5 1-0

[Event "SVK-chT3A2 2122"]
[Site "Slovakia"]
[Date "2021.10.10"]
[Round "1.1"]
[White "Skreno, Vladimir"]
[Black "Liptak, Tomas"]
[Result "1/2-1/2"]
[WhiteElo "2125"]
[BlackElo "2223"]
[PlyCount "114"]
[EventDate "2021.10.10"]
[EventType "team-tourn"]
[EventRounds "11"]
[EventCountry "SVK"]
[SourceTitle "EXT 2023"]
[Source "ChessBase"]
[SourceDate "2022.10.05"]
[SourceVersion "1"]
[SourceVersionDate "2022.10.05"]
[SourceQuality "1"]
[WhiteTeam "Hlohovec"]
[BlackTeam "Cifer II"]
[WhiteTeamCountry "SVK"]
[BlackTeamCountry "SVK"]

1. d4 g6 2. Nf3 Bg7 3. c4 d6 4. Nc3 Nf6 5. e4 0-0 6. Be2 e5 7. 0-0 Nc6 8. d5 Ne7 9. Ne1 Nd7 10. f3 f5 11. g4 f4 12. h4 Kh8 13. Bd2 a5 14. Ng2 Nc5 15. b3 Bd7 16. Be1 Rf7 17. Bf2 Ng8 18. Kh2 Qe7 19. Rh1 Nf6 20. Ne1 Raf8 21. Kg2 Qd8 22. Rc1 Qc8 23. Bxc5 dxc5 24. g5 Nh5 25. Nd3 b6 26. a3 Ng3 27. Rh2 Re8 28. b4 cxb4 29. axb4 axb4 30. Nxb4 Bf8 31. Nd3 Bd6 32. Ra1 Qd8 33. Nb5 Bxb5 34. cxb5 h6 35. gxh6 Rh7 36. Bf1 Rxh6 37. Kg1 Kg7 38. Raa2 Reh8 39. Qa1 Qf6 40. Ra8 Rxa8 41. Qxa8 Rxh4 42. Rxh4 Qxh4 43. Bg2 Ne2+ 44. Kf1 Nd4 45. Qe8 Qf6 46. Kf2 Qh4+ 47. Kf1 Qf6 48. Kf2 Qf7 49. Qxf7+ Kxf7 50. Bf1 Kf6 51. Kg2 Nxb5 52. Nxf4 Nc3 53. Nd3 Kg5 54. Kg3 b5 55. Nc1 b4 56. Bc4 Nd1 57. Nd3 Nc3 1/2-1/2

[Event "SVK-chT2A 1920"]
[Site "Slovakia"]
[Date "2020.02.15"]
[Round "8.3"]
[White "Liptak, Tomas"]
[Black "Privara, Igor"]
[Result "1-0"]
[WhiteElo "2186"]
[BlackElo "2165"]
[PlyCount "99"]
[EventDate "2019.10.26"]
[EventType "team-tourn"]
[EventRounds "11"]
[EventCountry "SVK"]
[SourceTitle "CBM 195 Extra"]
[Source "ChessBase"]
[SourceDate "2020.05.31"]
[SourceVersion "1"]
[SourceVersionDate "2020.05.31"]
[SourceQuality "1"]
[WhiteTeam "Cifer"]
[BlackTeam "Bratislava Slovan V"]
[WhiteTeamCountry "SVK"]
[BlackTeamCountry "SVK"]

1. e4 c5 2. Nf3 Nc6 3. c3 Nf6 4. Qe2 d6 5. g3 g6 6. Bg2 Bg7 7. 0-0 0-0 8. h3 Qb6 9. Rd1 Ne8 10. Na3 Bd7 11. Nc4 Qa6 12. Bf1 b5 13. Na3 Qc8 14. Kh2 Rb8 15. d4 b4 16. Nc4 bxc3 17. bxc3 cxd4 18. cxd4 Nc7 19. Bf4 Nb5 20. Qe3 Nbxd4 21. Nxd4 Nxd4 22. Rxd4 e5 23. Bxe5 dxe5 24. Rd5 Be6 25. Rc5 Qb7 26. Rc1 Rfd8 27. Na5 Qb6 28. Nc6 Bf8 29. R5c2 Qxe3 30. fxe3 Bh6 31. Nxd8 Rxd8 32. Re1 Rb8 33. Kg2 Rb4 34. Kf3 Ra4 35. Rd1 a5 36. g4 Bg5 37. Bb5 Rb4 38. Bc6 Rc4 39. Rxc4 Bxc4 40. Bd5 Ba6 41. Bb3 Bb5 42. Rd5 Bf1 43. Rxe5 Bh4 44. Rxa5 Bxh3 45. Ra7 h5 46. gxh5 g5 47. Bxf7+ Kh8 48. Bg6 g4+ 49. Kf4 g3 50. h6 1-0

[Event "SVK-chT2A 1920"]
[Site "Slovakia"]
[Date "2019.10.27"]
[Round "2.3"]
[White "Liptak, Tomas"]
[Black "Gzib, David"]
[Result "1-0"]
[WhiteElo "2204"]
[BlackElo "2011"]
[PlyCount "137"]
[EventDate "2019.10.26"]
[EventType "team-tourn"]
[EventRounds "11"]
[EventCountry "SVK"]
[SourceTitle "CBM 193 Extra"]
[Source "ChessBase"]
[SourceDate "2020.01.31"]
[SourceVersion "1"]
[SourceVersionDate "2020.01.31"]
[SourceQuality "1"]
[WhiteTeam "Cifer"]
[BlackTeam "Osuske II"]
[WhiteTeamCountry "SVK"]
[BlackTeamCountry "SVK"]

1. e4 c5 2. Nf3 d6 3. c3 Nf6 4. Bd3 Nc6 5. Bc2 e5 6. 0-0 Be7 7. h3 0-0 8. d4 cxd4 9. cxd4 exd4 10. Nxd4 d5 11. Nxc6 bxc6 12. e5 Ne4 13. Bxe4 dxe4 14. Qe2 Qd4 15. Bf4 f5 16. Rd1 Qb4 17. a3 Qb3 18. Nd2 Qf7 19. Rac1 Bb7 20. Nc4 Ba6 21. Qc2 Rfd8 22. Nd6 Bxd6 23. exd6 Rac8 24. Qc5 Rd7 25. Qd4 Bd3 26. Rc5 g5 27. Be5 Qh5 28. Rdc1 Qe2 29. Qe3 Qxe3 30. fxe3 Kf7 31. Rxc6 Rxc6 32. Rxc6 Ke6 33. Bh2 f4 34. exf4 e3 35. Rc5 Kxd6 36. Re5 e2 37. fxg5 Kc6 38. Bf4 Bc4 39. Bg3 Rd1+ 40. Kh2 Rd2 41. b4 Bd5 42. Be1 Ra2 43. Re3 Bc4 44. Kg3 Ra1 45. Kf2 Rd1 46. Re7 Rd7 47. Re8 Rf7+ 48. Ke3 Kd5 49. h4 Rf1 50. Kd2 Rg1 51. g3 Rf1 52. Re7 a6 53. Rxh7 Rf3 54. Rd7+ Ke6 55. Rd4 Bb5 56. a4 Bxa4 57. Kxe2 Rf8 58. g6 Bb5+ 59. Ke3 Bc6 60. Rg4 Re8 61. Kf4 Kf6 62. Bc3+ Ke7 63. Kg5 Bd5 64. h5 Rc8 65. Bf6+ Ke6 66. h6 Bf3 67. Rf4 Bd1 68. Re4+ Kd5 69. Rd4+ 1-0